| 000 | 00713nam a2200229Ia 4500 | ||
|---|---|---|---|
| 005 | 20251020182534.0 | ||
| 008 | 200515s9999 xx 000 0 und d | ||
| 082 | _a72.015:728(85)/I59/2 | ||
| 245 | 0 | _aPrevi: P-5 | |
| 260 | _aLima | ||
| 260 | _c1973 | ||
| 300 | _aPrevi | ||
| 500 | _a1 ejemplar | ||
| 520 | _aSistema constructivo se ha denominado "Prefabricación pesada bidimensional", en concreto armado, para muros y techos, por tratarse de grandes paneles, huecos, modulados, que pesan varias toneladas cada uno | ||
| 650 | _aCONCRETO ARMADO | ||
| 650 | _aLIB | ||
| 650 | _aPREVI | ||
| 650 | _aPUB ININVI | ||
| 650 | _aSISTEMAS CONSTRUCTIVOS | ||
| 650 | _aVIVIENDAS DE BAJO COSTO | ||
| 942 | _cLIB | ||
| 999 |
_c2182 _d2182 |
||